| 000 | 00808pam a2200253 a 4500 | ||
|---|---|---|---|
| 001 | 4945918 | ||
| 005 | 20250208191358.0 | ||
| 008 | 960827s1997 paua b 001 0 eng c | ||
| 020 | _a9780721658643 | ||
| 050 | 1 | 0 |
_aRC801 _b.H47 1997 |
| 082 | 0 | 0 |
_a616.3/3 _220 |
| 100 | 1 | _aHeuman, Douglas M. | |
| 245 | 1 | 0 |
_aGastroenterology / _cDouglas M. Heuman, A. Scott Mills, Hunter H. McGuire, Jr. |
| 260 |
_aPhiladelphia : _bW.B. Saunders Co., _cc1997. |
||
| 300 |
_avi, 326 p. : _bill. (some col.) ; _c28 cm. |
||
| 440 | 0 | _aSaunders text and review series | |
| 650 | 0 | _aGastroenterology. | |
| 650 | 1 | 2 | _aDigestive System Diseases. |
| 650 | 2 | 2 |
_aDigestive System _xphysiology. |
| 650 | 2 | 2 |
_aGastroenterology _xmethods. |
| 700 | 1 | _aMills, A. Scott. | |
| 700 | 1 |
_aMcGuire, Hunter H., _d1929- |
|
| 942 |
_2lcc _cBK _n0 |
||
| 999 |
_c3702 _d3702 |
||